| 000 | 01085nam a2200241 i 4500 | ||
|---|---|---|---|
| 001 | 151828 | ||
| 003 | ES-MaACL | ||
| 005 | 20230906204412.0 | ||
| 008 | 931025s1884 sp b |||| | spa d | ||
| 080 | _a913(9) | ||
| 100 | 1 |
_aBeltrán y Rózpide, Ricardo. _927381 |
|
| 245 | 1 | 3 |
_aLa Polinesia _b: descubrimiento, reseña y descripción geográficas, clima, constitución geológica... y consideraciones acerca de la importancia y porvenir comercial y político de dichas islas... / _cpor Ricardo Beltrán y Rózpide. |
| 260 |
_aMadrid : _b[s.n.], _c1884 ( _fImp. de Fortanet) |
||
| 300 |
_aVIII, 297 p., [1] h. de mapa, [3] h. de mapas pleg. ; _c24 cm. |
||
| 530 | _aDisponible en formato digital. | ||
| 597 | _aAntep. | ||
| 597 | _aPort. a dos tintas. | ||
| 599 | _aMapas de la Polinesia: "Lit. Viuda de Roldan, Madrid" ; "Lit. Espíritu Santo, Madrid" | ||
| 650 | 0 | 4 |
_aPolinesia- _xDescripción. _9221756 |
| 852 |
_aES-MaACL _jG-11434 _z- Enc. hol. |
||
| 856 |
_uhttp://bdh-rd.bne.es/viewer.vm?id=0000037941&page=1 _zBiblioteca Digital Hispánica |
||
| 999 |
_c151828 _d151828 |
||